De utopías globales, ruidos y recomposiciones: una conversación sobre prácticas de lectura y movimientos sociales /
Bewaard in:
| Hoofdauteur: | |
|---|---|
| Formaat: | Boek |
| Taal: | Spanish |
| Tags: |
Voeg label toe
Geen labels, Wees de eerste die dit record labelt!
|
MARC
| LEADER | 00000nam a22000007a 4500 | ||
|---|---|---|---|
| 003 | cru CIDCACS/IIS | ||
| 005 | 20170720115625.0 | ||
| 007 | ta | ||
| 008 | 170720s2017 ag ||||| |||| 00| 0 spa d | ||
| 999 | |c 19468 |d 19468 | ||
| 040 | |c cru CIDCACS/IIS | ||
| 100 | 1 | |9 3962 |a Bergel, Martín | |
| 245 | 1 | |a De utopías globales, ruidos y recomposiciones: |b una conversación sobre prácticas de lectura y movimientos sociales / |c Martín Bergel | |
| 300 | |a páginas 34-49 | ||
| 773 | 0 | |0 19022 |9 1045 |a Fundación Friedrich Ebert |d Fundación Friedrich Ebert; Nueva Sociedad |o 18269 |t Nueva Sociedad / | |
| 942 | |2 ddc |c PP | ||
